| 000 | 00811nam a22002177a 4500 | ||
|---|---|---|---|
| 005 | 20171117113448.0 | ||
| 010 | _a1718CH-EN | ||
| 020 |
_a9789351036401 _c295.00 |
||
| 035 | _aB-671310-338 | ||
| 037 |
_adpl _bBook Well |
||
| 082 | _aS | ||
| 100 | 1 | _aThea, Geronimo. | |
| 245 | 1 | 4 |
_aMouseford academy: _bthe secret Invention / _cby Thea Stilton ; [illustrations by Barbara Pellizzari ... et al.]. |
| 260 |
_aNew York : _bScholastic _c2015 |
||
| 270 |
_a557 Broadway _bNew York _eNY 10012 |
||
| 300 |
_a112p.: _bcol. ill., _c20cm(pb) |
||
| 490 | _aMouseford academy- 5 | ||
| 700 | 1 |
_aPellizzari, Barbara _eill. |
|
| 942 |
_2ddc _cCH _hS _mSTI |
||
| 999 |
_c141338 _d141338 |
||